De Babylone aux routes d'Arabie, portrait d'une orientaliste

Saved in:

Other Authors: Thomas, Ariane (Editor), Butterlin, Pascal (Editor), Cavigneaux, Antoine (Editor), Salvini, Mirjo (Editor), Chevalier, Nicole (Editor)

Format: Book

Published: Oxford Archaeopress Publishing Ltd 2025

Tags: Add Tag

No Tags, Be the first to tag this record!

Call Number:

LEADER 00847namaa2200217 4500
001 9781805830245
003 UkOxAP
005 20260405155018.0
020 |a 9781805830252 
776 1 |x 9781805830245 
245 0 0 |a De Babylone aux routes d'Arabie, portrait d'une orientaliste 
100 1 |a Thomas, Ariane  |e Editor  |l French 
700 1 |a Butterlin, Pascal  |e Editor  |l French 
700 1 |a Cavigneaux, Antoine  |e Editor  |l French 
700 1 |a Salvini, Mirjo  |e Editor  |l French 
700 1 |a Chevalier, Nicole  |e Editor  |l French 
856 4 2 |a http://library.arce.org:8087/Archaeopress/Products/9781805830252 
260 |a Oxford  |b Archaeopress Publishing Ltd  |c 2025 
270 |a Archaeopress Publishing Ltd, Summertown Pavillion, 18 -24 Middle Way, Summertown  |b Oxford  |d United Kingdom  |e OX2 7LG  |k 44-1865-311914  |m info@archaeopress.com 
942 |2 lcc  |c EBOOK 
999 |c 62136  |d 62136